Hādhihi al-shajarah wa-al-insān al-thānī, (Record no. 51183)

MARC details
000 -LEADER
fixed length control field 00629cam a22002171 4500
001 - CONTROL NUMBER
control field ne 68004884
003 - CONTROL NUMBER IDENTIFIER
control field DLC
005 - DATE AND TIME OF LATEST TRANSACTION
control field 20260227111852.0
008 - FIXED-LENGTH DATA ELEMENTS--GENERAL INFORMATION
fixed length control field 890317s1968 ua 000 0 ara
010 ## - LIBRARY OF CONGRESS CONTROL NUMBER
LC control number ne 68004884
025 ## - OVERSEAS ACQUISITION NUMBER
Overseas acquisition number PL480:UAR-9708
035 ## - SYSTEM CONTROL NUMBER
System control number (OCoLC)19381922
040 ## - CATALOGING SOURCE
Original cataloging agency DLC
Transcribing agency WaU
Modifying agency WaU
-- DLC
042 ## - AUTHENTICATION CODE
Authentication code premarc
050 00 - LIBRARY OF CONGRESS CALL NUMBER
Classification number HQ1233
Item number .A7
100 1# - MAIN ENTRY--PERSONAL NAME
Personal name ʻAqqād, ʻAbbās Maḥmūd,
Dates associated with a name 1889-1964.
245 10 - TITLE STATEMENT
Title Hādhihi al-shajarah wa-al-insān al-thānī,
Statement of responsibility, etc. bi-qalam ʻAbbās Maḥmūd al-ʻAqqād.
260 ## - PUBLICATION, DISTRIBUTION, ETC.
Place of publication, distribution, etc. [al-Qāhirah]
Name of publisher, distributor, etc. Maktabat Gharīb
Date of publication, distribution, etc. [1968]
300 ## - PHYSICAL DESCRIPTION
Extent 178 p.
Dimensions 20 cm.
650 #0 - SUBJECT ADDED ENTRY--TOPICAL TERM
Topical term or geographic name entry element Women.

No items available.

Powered by Koha